000 00896nam a22003137a 4500
001 BR7702091
003 BR-BrBNA
005 20230928085247.0
007 ta
008 230509b bl.||||| |||| 00| 0 por d
040 _aBR-BrBNA
_bpor
_cBiblioteca Nacional de Agricultura
041 _a(Por)
072 _aH20
_b0311
090 _ 0311 BR7702091
100 1 _aSouza Filho, B.F. de
100 1 _aSantos Filho, H.P.
100 1 _aAlmeida, E.M. de
100 1 _aLima, M.F. de
245 1 _aAvaliacao de fungicidas no controle da queima das folhas do coqueiro (cocos nucifera, l.)[Controle quimico]
260 3 _a[np](Brasil):
_c[nd].
300 _a10 p.
500 _aSummaries (Eng, Por)Published after 1977
650 _aDoenca de planta
650 _aQueima da folha
650 _aCoco
650 _aControle quimico
909 _a202309
_bLucia
_c55
_dLucia Elande
942 _cBK
999 _c23541
_d23541